Bald Guys by Picture - Statistics

General Stats
  • This quiz has been taken 73 times
  • The average score is 10 of 16
Answer Stats
Picture Answer % Correct
Dwayne "The Rock" Johnson
100%
Mahatma Gandhi
96%
Mr. Clean
90%
Michael Jordan
88%
Popeye
87%
Jeff Bezos
84%
Voldemort
74%
Terry Crews
63%
Dwight D. Eisenhower
62%
Professor X/Patrick Stewart
60%
Caillou
50%
J.K. Simmons
47%
Aang
44%
Saitama
38%
Nikita Khrushchev
25%
Rupert Murdoch
21%
No matching quizzes found
Score Distribution
Percent of People with Each Score
Percentile by Number Answered
Your Score History
You have not taken this quiz